|
|
|
|
| LEADER |
00000nbm0a2200000 4500 |
| 001 |
127138 |
| 005 |
20231031132120.0 |
| 035 |
|
|
|a (RuTPU)RU\TPU\book\137522
|
| 090 |
|
|
|a 127138
|
| 100 |
|
|
|a 20071210d1974 k y0rusy50 ca
|
| 101 |
0 |
|
|a rus
|
| 102 |
|
|
|a RU
|
| 105 |
|
|
|a a m 001zy
|
| 200 |
1 |
|
|a Исследование возможностей и разработка корреляционного способа измерений потенциалов вызванной поляризации с помощью случайных сигналов Е Э М П З
|e Диссертация на соискание ученой степени кандидата технических наук
|f Н. А. Борисов
|g Томский институт автоматизированных систем управления и радиоэлектроники (ТИАСУР) ; науч. рук. К. М. Шульженко
|
| 210 |
|
|
|a Томск
|d 1974
|
| 215 |
|
|
|a 148 л.
|c ил.
|
| 320 |
|
|
|a Библиогр.: с. 117-127 ( 107 назв.)
|
| 610 |
1 |
|
|a способы
|
| 610 |
1 |
|
|a измерения
|
| 610 |
1 |
|
|a поляризация
|
| 610 |
1 |
|
|a случайные сигналы
|
| 610 |
1 |
|
|a разработка
|
| 610 |
1 |
|
|a моделирование
|
| 610 |
1 |
|
|a электромагнитное поле
|
| 610 |
1 |
|
|a геологический разрез
|
| 610 |
1 |
|
|a корреляционные функции
|
| 610 |
1 |
|
|a методы измерения
|
| 610 |
1 |
|
|a экспериментальное исследование
|
| 610 |
1 |
|
|a диссертации
|
| 675 |
|
|
|a 539.21(04)
|v 3
|
| 675 |
|
|
|a 550.83(04)
|v 3
|
| 700 |
|
1 |
|a Борисов
|b Н. А.
|
| 702 |
|
1 |
|a Шульженко
|b К. М.
|4 727
|
| 712 |
0 |
2 |
|a Томский институт автоматизированных систем управления и радиоэлектроники (ТИАСУР)
|c (1971-1993)
|2 stltpush
|3 (RuTPU)RU\TPU\col\3065
|
| 801 |
|
1 |
|a RU
|b 63413507
|c 20071210
|g PSBO
|
| 942 |
|
|
|c BK
|